La filosofía y las lenguas de la Península Ibérica (Record no. 179324)
[ view plain ]
| 000 -LEADER | |
|---|---|
| campo de control de longitud fija | 01222nam a2200265 i 4500 |
| 001 - NÚMERO DE CONTROL | |
| campo de control | 179324 |
| 003 - IDENTIFICADOR DE NÚMERO DE CONTROL | |
| campo de control | ES-MaACL |
| 005 - FECHA Y HORA DE LA ÚLTIMA TRANSACCIÓN | |
| campo de control | 20230906220745.0 |
| 008 - DATOS DE LONGITUD FIJA--INFORMACIÓN GENERAL | |
| campo de control de longitud fija | 111102s2010 sp |||| | spa d |
| 020 ## - NÚMERO INTERNACIONAL ESTÁNDAR DEL LIBRO | |
| Número Internacional Estándar del Libro | 978-84-936113-2-3 |
| 080 ## - NÚMERO DE LA CLASIFICACIÓN DECIMAL UNIVERSAL | |
| Número de la Clasificación Decimal Universal | 1"19"(063) |
| 111 2# - ENTRADA PRINCIPAL--NOMBRE DE CONGRESO/REUNIÓN | |
| Nombre de congreso/reunión o jurisdicción como elemento de entrada | Jornadas de Hispanismo Filosófico ( |
| Número del congreso/reunión o número de parte o sección | 8ª. |
| Fecha del congreso o de la firma del tratado | 2007. |
| Sede del congreso/Lugar de la reunión | Barcelona) |
| 9 (RLIN) | 148445 |
| 245 13 - MENCIÓN DEL TÍTULO | |
| Título | La filosofía y las lenguas de la Península Ibérica |
| Resto del título | : actas de las VIII y IX Jornadas Internacionales de Hispanismo Filosófico, Barcelona, 2007, Santander, 2009 / |
| Mención de responsabilidad, etc. | José Luis Mora García, Ramón Emilio Mandado Gutiérrez, Gemma Gordo Piñar... [et al.] (eds.). |
| 260 ## - PUBLICACIÓN, DISTRIBUCIÓN, ETC. | |
| Lugar de publicación, distribución, etc. | Madrid : |
| Nombre del editor, distribuidor, etc. | Fundación Ignacio Larramendi, |
| Fecha de publicación, distribución, etc. | 2010. |
| 300 ## - DESCRIPCIÓN FÍSICA | |
| Extensión | 648 p. ; |
| Dimensiones | 24 cm. |
| 504 ## - NOTA DE BIBLIOGRAFÍA, ETC. | |
| Nota de bibliografía, etc. | Referencias bibliográficas. |
| 650 #7 - PUNTO DE ACCESO ADICIONAL DE MATERIA--TÉRMINO DE MATERIA | |
| Término de materia o nombre geográfico como elemento de entrada | Filosofía- |
| Subdivisión cronológica | S.XX- |
| Subdivisión de forma | Congresos y asambleas. |
| 9 (RLIN) | 148446 |
| 650 #4 - PUNTO DE ACCESO ADICIONAL DE MATERIA--TÉRMINO DE MATERIA | |
| Término de materia o nombre geográfico como elemento de entrada | Filosofía- |
| Subdivisión geográfica | España- |
| Subdivisión de forma | Congresos y asambleas. |
| 9 (RLIN) | 139496 |
| 700 1# - ENTRADA AGREGADA--NOMBRE PERSONAL | |
| Nombre de persona | Mora García, José Luis. |
| 9 (RLIN) | 139494 |
| 700 1# - ENTRADA AGREGADA--NOMBRE PERSONAL | |
| Nombre de persona | Mandado Gutiérrez, Ramón Emilio. |
| 9 (RLIN) | 148447 |
| 700 1# - ENTRADA AGREGADA--NOMBRE PERSONAL | |
| Nombre de persona | Gordo Piñar, Gemma. |
| 9 (RLIN) | 148448 |
| 710 2# - ENTRADA AGREGADA--NOMBRE DE ENTIDAD CORPORATIVA | |
| Nombre de entidad corporativa o nombre de jurisdicción como elemento de entrada | Fundación Ignacio Larramendi. |
| 9 (RLIN) | 4322 |
| 711 2# - ENTRADA AGREGADA--NOMBRE DE REUNIÓN | |
| Nombre de congreso/reunión o jurisdicción como elemento de entrada | Jornadas de Hispanismo Filosófico ( |
| Número del congreso/reunión o número de parte o sección | 9ª. |
| Fecha del congreso o de la firma del tratado | 2009. |
| Sede del congreso/Lugar de la reunión | Santander) |
| 9 (RLIN) | 148449 |
| 852 ## - LOCALIZACIÓN | |
| Ubicación | ES-MaACL |
| Número de control de estantería | N-4691 |
| Estatus retirado | Estado de pérdida | Estado de daño | No para préstamo | Biblioteca de origen | Biblioteca actual | Ubicación en estantería | Fecha de adquisición | Fuente de adquisición | Total de préstamos | Signatura topográfica completa | Código de barras | Visto por última vez | Precio de reemplazo | Tipo de ítem Koha |
|---|---|---|---|---|---|---|---|---|---|---|---|---|---|---|
| Biblioteca del Ateneo de Madrid | Biblioteca del Ateneo de Madrid | Sala Pecera Depósito 2 | 02/11/2011 | N-4691 | 1188382 | 23/02/2023 | 23/02/2023 | Libro impreso |
